| 000 | 00367ntaaa2200157 4500 | ||
|---|---|---|---|
| 003 | 01 | ||
| 005 | 20251027201604.0 | ||
| 008 | 0714s1973 ag 01 | ||
| 040 |
_aAR-BaBN _bspa _cAR-BaBN _eaacr _dRIC |
||
| 082 | _a230.0000 R311 | ||
| 100 |
_aRecolin, N. _914502 |
||
| 245 | _aManuel de religión | ||
| 250 |
_a1 ed. : _bs.l., _c1881 |
||
| 650 | _aTeología | ||
| 942 | _cBK | ||
| 999 |
_c10472 _d10472 |
||